LDR 00813naa#a2200169#i#450# 001 RU\\bibl\126879 005 20260703035511.5 011 ## _a2227-1171 100 ## _a20260630b2026####ek#y0rusy0150####ca 102 ## _aRU 200 1# _aПРАВО НА ОХРАНУ ЗДОРОВЬЯ В СИСТЕМЕ ТРАДИЦИОННЫХ ЦЕННОСТЕЙ _eЖурнальная статья 210 1# _aКазань _cКазанский юридический институт МВД России _d2026 215 ## _a6 с. 608 ## _aЖурнальная статья _2local 675 ## _aПрава человека. Права и обязанности граждан (только внутригосударственные вопросы). 342.7 _z 700 #1 _aХурматуллина _gАлсу Махмутовна 856 4# _avestnikkui.ru _u